| 000 | 00637nam a2200181 i 4500 | ||
|---|---|---|---|
| 001 | 152840 | ||
| 003 | ES-MaACL | ||
| 005 | 20250803063057.0 | ||
| 008 | 040818s1867 po |||| | por d | ||
| 080 | _a336.27(469) | ||
| 100 | 1 |
_aBulhões, Miguel Eduardo Lobo de, _d1830-1894 _932498 |
|
| 245 | 1 | 2 |
_aA divida portugueza / _cpor E. Lobo de Bulhões. |
| 260 |
_aLisboa : _b[s.n.], _c1867 ( _fTyp. Portugueza) |
||
| 300 |
_a112 p. ; _c22 cm. |
||
| 650 | 4 |
_aDeuda pública- _zPortugal. _9170913 |
|
| 852 | 4 |
_aES-MaACL _jT-93-F-10 _z- Enc. hol., falto de cub. original _z- Enc. en un vol. facticio |
|
| 999 |
_c152840 _d152840 |
||